=LDR 00000nam 2200000 4500 =001 INLIS000000000036255 =005 20241018090226 =035 ##$$a 0010-061300000036255 =008 241018################g##########0#ind## =041 ##$$a Ind =082 ##$$a F Rom K =090 ##$$a F Rom K, Der y =100 ##$$a Derib =245 1#$$a Yakari dan pagar api /$c Derib, Job ; penerjemah, Ariani =260 ##$$a Jakarta :$b Gramedia,$c 2011 =300 ##$$a 49 hlm : $b ilus ; $c 24x17 cm =650 #4$$a Fiksi kanak-kanak =700 #$$a Ariani =850 ##$$a NBPNMAT =020 ##$$a 9786020001586 =084 ##$$a F Rom K DER y =990 ##$$a 21100936 =990 ##$$a 21100937 =990 ##$$a 09100910 =990 ##$$a 21100936 =990 ##$$a 21100937